[Event "Moscow-ch op Superfinal"]
[Site "Ershovo"]
[Date "2024.02.29"]
[Round "9"]
[White "Pletnev, Evgeniy"]
[Black "Poghosyan, Suren"]
[Result "0-1"]
[WhiteElo "2172"]
[BlackElo "2266"]
[PlyCount "56"]
[EventDate "2024.02.23"]
[EventType "swiss"]
[EventRounds "10"]
[EventCountry "RUS"]
[SourceTitle "CB10_2024"]
[SourceDate "2024.03.06"]
[SourceVersion "1"]
[SourceVersionDate "2024.03.06"]
[SourceQuality "1"]

1. e4 e6 2. Qe2 c5 3. Nf3 Nc6 4. g3 g6 5. Bg2 Bg7 6. 0-0 Nge7 7. e5 d6 8. exd6 Qxd6 9. Na3 0-0 10. Nc4 Qc7 11. d3 e5 12. Re1 f6 13. c3 Nf5 14. a4 b6 15. a5 Ba6 16. Nfd2 Nfe7 17. f4 b5 18. Ne3 exf4 19. Nd5 Nxd5 20. Qe6+ Kh8 21. Bxd5 Rac8 22. Nb3 fxg3 23. Qg4 gxh2+ 24. Kf2 Ne5 25. Qh3 c4 26. Re4 Nxd3+ 27. Ke2 f5 28. Re6 Rfe8 0-1

[Event "Moscow-ch op Superfinal"]
[Site "Ershovo"]
[Date "2024.02.26"]
[Round "5"]
[White "Triapishko, Alexandr"]
[Black "Poghosyan, Suren"]
[Result "1-0"]
[WhiteElo "2500"]
[BlackElo "2266"]
[PlyCount "41"]
[EventDate "2024.02.23"]
[EventType "swiss"]
[EventRounds "10"]
[EventCountry "RUS"]
[SourceTitle "CB10_2024"]
[SourceDate "2024.03.06"]
[SourceVersion "1"]
[SourceVersionDate "2024.03.06"]
[SourceQuality "1"]

1. e4 e6 2. Be2 d5 3. d3 c5 4. f4 Nf6 5. e5 Nfd7 6. Nf3 Be7 7. 0-0 Nc6 8. c4 d4 9. Nbd2 f6 10. exf6 Nxf6 11. Ne5 Bd6 12. Nxc6 bxc6 13. Bf3 Qc7 14. Ne4 0-0 15. Nxd6 Qxd6 16. Qe1 Bd7 17. Qe5 Qxe5 18. fxe5 Ne8 19. Bg5 Rf5 20. Be7 Rxe5 21. Bxc6 1-0

[Event "Titled Tuesday intern op 25th May"]
[Site "Chess.com INT"]
[Date "2021.05.25"]
[Round "1"]
[White "Bodnaruk, Anastasia"]
[Black "Poghosyan, Suren"]
[Result "1-0"]
[WhiteElo "2457"]
[BlackElo "2275"]
[PlyCount "65"]
[EventDate "2021.05.25"]
[EventType "swiss (blitz)"]
[EventRounds "11"]
[EventCountry "USA"]
[SourceTitle "CBM 203 Extra"]
[Source "ChessBase"]
[SourceDate "2021.09.30"]
[SourceVersion "1"]
[SourceVersionDate "2021.09.30"]
[SourceQuality "1"]

1. e4 c5 2. Nc3 Nc6 3. Bb5 Nd4 4. Bc4 e6 5. Nf3 Nf6 6. 0-0 d5 7. exd5 exd5 8. Nxd5 Nxd5 9. Nxd4 cxd4 10. Qh5 Be6 11. Re1 Nc7 12. Bxe6 Nxe6 13. Rxe6+ Be7 14. d3 0-0 15. Re2 Bf6 16. Bf4 Qb6 17. b3 Qc6 18. Rae1 g6 19. Qh3 Rae8 20. Bh6 Bg7 21. Bxg7 Kxg7 22. Qg4 Qc3 23. Kf1 Rc8 24. Qd7 Rc7 25. Qd5 Rfc8 26. g3 Qb4 27. Re8 Rxc2 28. Qe5+ f6 29. Re7+ Kh6 30. Qf4+ g5 31. Qxf6+ Kh5 32. Rxh7+ Kg4 33. f3# 1-0

[Event "Titled Tuesday intern op 04th May"]
[Site "Chess.com INT"]
[Date "2021.05.04"]
[Round "5"]
[White "Poghosyan, Suren"]
[Black "Vargas, Gabriela"]
[Result "0-1"]
[WhiteElo "2275"]
[BlackElo "2170"]
[PlyCount "80"]
[EventDate "2021.05.04"]
[EventType "swiss (blitz)"]
[EventRounds "11"]
[EventCountry "USA"]
[SourceTitle "CBM 202 Extra"]
[Source "ChessBase"]
[SourceDate "2021.07.31"]
[SourceVersion "1"]
[SourceVersionDate "2021.07.31"]
[SourceQuality "1"]

1. e4 e6 2. d4 d5 3. Nc3 Nf6 4. Bg5 Be7 5. e5 Nfd7 6. Bxe7 Qxe7 7. f4 a6 8. a3 c5 9. Nf3 Nc6 10. Be2 b5 11. 0-0 Bb7 12. Kh1 Rc8 13. Qd2 cxd4 14. Nxd4 Nxd4 15. Qxd4 Qc5 16. Qd2 Nb6 17. Rac1 Nc4 18. Bxc4 dxc4 19. Rcd1 Qc6 20. Rf2 Ke7 21. Qd6+ Qxd6 22. Rxd6 Rhd8 23. Rfd2 Rxd6 24. Rxd6 Rd8 25. Rb6 Bc8 26. Rb8 Kd7 27. Ne4 Kc7 28. Rxc8+ Rxc8 29. Nd6 Rf8 30. Kg1 f6 31. g3 g5 32. Kg2 gxf4 33. gxf4 fxe5 34. fxe5 Kc6 35. Kg3 Kd5 36. c3 Kxe5 37. Nb7 Kd5 38. Na5 e5 39. b3 e4 40. bxc4+ bxc4 0-1

[Event "Titled Tuesday intern op 27th Apr"]
[Site "Chess.com INT"]
[Date "2021.04.27"]
[Round "7"]
[White "Deuer, Marius"]
[Black "Poghosyan, Suren"]
[Result "0-1"]
[WhiteElo "2274"]
[BlackElo "2275"]
[PlyCount "96"]
[EventDate "2021.04.27"]
[EventType "swiss (blitz)"]
[EventRounds "11"]
[EventCountry "USA"]
[SourceTitle "CBM 202 Extra"]
[Source "ChessBase"]
[SourceDate "2021.07.31"]
[SourceVersion "1"]
[SourceVersionDate "2021.07.31"]
[SourceQuality "1"]

1. c4 Nf6 2. Nf3 Nc6 3. Nc3 e5 4. e3 d5 5. cxd5 Nxd5 6. Bb5 Nxc3 7. bxc3 Bd6 8. 0-0 0-0 9. d4 exd4 10. cxd4 Bg4 11. h3 Bh5 12. Bb2 Ne7 13. Be2 Bg6 14. Rc1 c6 15. Bd3 Nd5 16. Bxg6 hxg6 17. Qb3 Qb6 18. Nd2 Rfe8 19. Nc4 Qc7 20. Rfd1 Qe7 21. Re1 Nf6 22. Ba3 Bxa3 23. Qxa3 Ne4 24. Qxe7 Rxe7 25. f3 Nf6 26. Rb1 Rd8 27. Kf2 Nd5 28. Rb3 f6 29. Reb1 b6 30. g3 Rde8 31. Rc1 b5 32. Na5 Nxe3 33. Nxc6 Re6 34. Nb4 Nc4 35. Rc2 a5 36. Nd5 Rd6 37. Nc7 Rb8 38. Nxb5 a4 39. Nxd6 axb3 40. Rxc4 b2 41. Rc7 b1Q 42. g4 Rb2+ 43. Kg3 Qg1+ 44. Kf4 Qxd4+ 45. Kg3 Qxd6+ 46. Kh4 Qxc7 47. f4 Qxf4 48. a4 Qf2# 0-1

[Event "Titled Tuesday intern op 13th Apr"]
[Site "Chess.com INT"]
[Date "2021.04.13"]
[Round "11"]
[White "Carroll, Thomas"]
[Black "Poghosyan, Suren"]
[Result "1-0"]
[WhiteElo "2033"]
[BlackElo "2275"]
[PlyCount "79"]
[EventDate "2021.04.13"]
[EventType "swiss (blitz)"]
[EventRounds "11"]
[EventCountry "USA"]
[SourceTitle "CBM 201 Extra"]
[Source "ChessBase"]
[SourceDate "2021.05.31"]
[SourceVersion "1"]
[SourceVersionDate "2021.05.31"]
[SourceQuality "1"]

1. d4 Nf6 2. Bg5 e6 3. e4 Be7 4. Nd2 d5 5. Bxf6 Bxf6 6. e5 Be7 7. f4 c5 8. c3 Nc6 9. Ngf3 cxd4 10. cxd4 Qb6 11. Nb3 a5 12. a4 0-0 13. Bd3 Nb4 14. Bb1 f5 15. 0-0 Bd7 16. Kh1 Rac8 17. Rg1 Kh8 18. Qf1 Rg8 19. g4 g6 20. gxf5 gxf5 21. Nc5 Bxc5 22. dxc5 Qxc5 23. Ng5 Qe7 24. h4 Rg7 25. Qe2 Rcg8 26. Bd3 Nxd3 27. Qxd3 Qc5 28. Qf3 Bc6 29. Qh5 d4+ 30. Kh2 Qc2+ 31. Kh3 Be8 32. Qh6 Bd7 33. Rac1 Qd3+ 34. Rg3 Qd2 35. Rcg1 Rxg5 36. Rxg5 Qe3+ 37. R5g3 Rxg3+ 38. Rxg3 Qxg3+ 39. Kxg3 Bc6 40. Qf8# 1-0

[Event "Titled Tuesday intern op 13th Apr"]
[Site "Chess.com INT"]
[Date "2021.04.13"]
[Round "8"]
[White "Cruz, Jonathan"]
[Black "Poghosyan, Suren"]
[Result "1-0"]
[WhiteElo "2393"]
[BlackElo "2275"]
[PlyCount "93"]
[EventDate "2021.04.13"]
[EventType "swiss (blitz)"]
[EventRounds "11"]
[EventCountry "USA"]
[SourceTitle "CBM 201 Extra"]
[Source "ChessBase"]
[SourceDate "2021.05.31"]
[SourceVersion "1"]
[SourceVersionDate "2021.05.31"]
[SourceQuality "1"]

1. Nf3 c5 2. e3 Nc6 3. d4 cxd4 4. exd4 d5 5. h3 Nf6 6. Bd3 e6 7. 0-0 Be7 8. c4 0-0 9. Nc3 a6 10. a3 dxc4 11. Bxc4 b5 12. Ba2 Bb7 13. d5 exd5 14. Nxd5 Nxd5 15. Bxd5 Na5 16. Bxb7 Nxb7 17. Bf4 Bf6 18. Be5 Nc5 19. Qxd8 Rfxd8 20. Bxf6 gxf6 21. Rad1 Rd3 22. b4 Rxd1 23. Rxd1 Ne6 24. Rd6 a5 25. Rb6 Nc7 26. Rb7 Nd5 27. Rxb5 axb4 28. Rxd5 bxa3 29. Rd1 Kg7 30. Ra1 f5 31. Nd4 Kf6 32. Nb5 a2 33. Nc3 Ke5 34. Rxa2 Rc8 35. Ne2 f4 36. Ra5+ Ke4 37. Ra4+ Kd3 38. Nxf4+ Kc3 39. Ra7 Rd8 40. Rxf7 Rd1+ 41. Kh2 Rd2 42. Kg3 Kc2 43. Rxh7 Kd1 44. Re7 Rc2 45. h4 Kc1 46. Re1+ Kb2 47. Re2 1-0

[Event "Titled Tuesday intern op 13th Apr"]
[Site "Chess.com INT"]
[Date "2021.04.13"]
[Round "4"]
[White "Poghosyan, Suren"]
[Black "Fazulyanov, Sergey"]
[Result "0-1"]
[WhiteElo "2275"]
[BlackElo "2350"]
[PlyCount "38"]
[EventDate "2021.04.13"]
[EventType "swiss (blitz)"]
[EventRounds "11"]
[EventCountry "USA"]
[SourceTitle "CBM 201 Extra"]
[Source "ChessBase"]
[SourceDate "2021.05.31"]
[SourceVersion "1"]
[SourceVersionDate "2021.05.31"]
[SourceQuality "1"]

1. e4 c5 2. Nf3 Nc6 3. Bb5 g6 4. 0-0 Bg7 5. Re1 Nf6 6. e5 Nd5 7. Nc3 Nc7 8. Bxc6 dxc6 9. Ne4 b6 10. d3 Bg4 11. h3 Bxf3 12. Qxf3 0-0 13. Bf4 Ne6 14. Bh2 Qd5 15. Rad1 Bxe5 16. c4 Qd4 17. Bxe5 Qxe5 18. d4 Nxd4 19. Nf6+ Qxf6 0-1

[Event "Titled Tuesday intern op 13th Apr"]
[Site "Chess.com INT"]
[Date "2021.04.13"]
[Round "10"]
[White "Poghosyan, Suren"]
[Black "Villegas, Pierre"]
[Result "0-1"]
[WhiteElo "2275"]
[BlackElo "2367"]
[PlyCount "112"]
[EventDate "2021.04.13"]
[EventType "swiss (blitz)"]
[EventRounds "11"]
[EventCountry "USA"]
[SourceTitle "CBM 201 Extra"]
[Source "ChessBase"]
[SourceDate "2021.05.31"]
[SourceVersion "1"]
[SourceVersionDate "2021.05.31"]
[SourceQuality "1"]

1. e4 c6 2. d4 d5 3. Nc3 b5 4. exd5 b4 5. Nce2 cxd5 6. Nf3 e6 7. Be3 Nf6 8. Ng3 Be7 9. Bb5+ Bd7 10. Bd3 0-0 11. 0-0 Qb6 12. h3 Bb5 13. c3 bxc3 14. bxc3 Bxd3 15. Qxd3 Rc8 16. Rfc1 Qa6 17. Ne1 Rc6 18. Qxa6 Nxa6 19. Nd3 Rac8 20. Bd2 Bd6 21. Ne2 Rb8 22. Rab1 Rcb6 23. Rxb6 Rxb6 24. Rc2 Rb1+ 25. Be1 Kf8 26. g3 Nc7 27. c4 dxc4 28. Rxc4 Rd1 29. Nec1 Nfd5 30. Kg2 Ba3 31. Ba5 Nb5 32. Kf3 Bxc1 33. Nxc1 Nxd4+ 34. Ke4 Nb5 35. Nd3 Nd6+ 36. Kd4 Nxc4 37. Kxc4 Ra1 38. Kb3 Rh1 39. h4 Ke7 40. Kc4 f6 41. Kb5 Rb1+ 42. Ka6 Ra1 43. Nb4 Kd6 44. Kxa7 Nxb4 45. Bxb4+ Kd5 46. a3 Ke4 47. Kb6 Kf3 48. Bc5 e5 49. Kb5 Ra2 50. a4 Rxf2 51. Bxf2 Kxf2 52. a5 e4 53. a6 e3 54. a7 e2 55. a8Q e1Q 56. Qb8 Qb1+ 0-1

[Event "Titled Tuesday intern op 4th Aug 10am"]
[Site "Chess.com INT"]
[Date "2020.08.04"]
[Round "1"]
[White "Hovhannisyan, Robert"]
[Black "Poghosyan, Suren"]
[Result "1-0"]
[WhiteElo "2642"]
[BlackElo "2275"]
[PlyCount "77"]
[EventDate "2020.08.04"]
[EventType "swiss (blitz)"]
[EventRounds "10"]
[EventCountry "USA"]
[SourceTitle "CBM 197 Extra"]
[Source "ChessBase"]
[SourceDate "2020.09.30"]
[SourceVersion "1"]
[SourceVersionDate "2020.09.30"]
[SourceQuality "1"]

1. e4 e6 2. d4 c5 3. Nf3 cxd4 4. Nxd4 Nf6 5. Nc3 Nc6 6. Ndb5 Bb4 7. a3 Bxc3+ 8. Nxc3 d5 9. Bd3 0-0 10. 0-0 h6 11. exd5 exd5 12. h3 Be6 13. Re1 Re8 14. Bf4 a6 15. Qd2 Ne7 16. Rad1 Ng6 17. Bh2 Rc8 18. Ne2 Ne4 19. Qb4 Qf6 20. Qd4 Qg5 21. Qe3 Qxe3 22. fxe3 Nc5 23. Nd4 Bd7 24. Bf1 Ne5 25. Bxe5 Rxe5 26. Nf3 Rf5 27. Rd4 Re8 28. Bd3 Nxd3 29. Rxd3 Bb5 30. Rd2 Re4 31. Rd4 Re8 32. Rf4 Rh5 33. c3 f6 34. Kf2 Bd3 35. Rd1 Be4 36. Nd2 g5 37. Nxe4 Rxe4 38. Rxe4 g4 39. Rxg4+ 1-0

[Event "Titled Tuesday intern op 4th Aug 10am"]
[Site "Chess.com INT"]
[Date "2020.08.04"]
[Round "4"]
[White "Poghosyan, Suren"]
[Black "Sargsyan, Anna M"]
[Result "0-1"]
[WhiteElo "2275"]
[BlackElo "2402"]
[PlyCount "42"]
[EventDate "2020.08.04"]
[EventType "swiss (blitz)"]
[EventRounds "10"]
[EventCountry "USA"]
[SourceTitle "CBM 197 Extra"]
[Source "ChessBase"]
[SourceDate "2020.09.30"]
[SourceVersion "1"]
[SourceVersionDate "2020.09.30"]
[SourceQuality "1"]

1. d4 d5 2. c4 c6 3. Nf3 Nf6 4. Nc3 dxc4 5. a4 Bf5 6. Ne5 Nbd7 7. Nxc4 Qc7 8. h3 e5 9. Ne3 Be6 10. g3 exd4 11. Qxd4 Bc5 12. Qh4 0-0 13. Bg2 Ne5 14. a5 b5 15. Qf4 Rad8 16. 0-0 Rd4 17. Ne4 Nxe4 18. Bxe4 f5 19. Bxf5 Bxf5 20. Qg5 h6 21. Qh5 Bg6 0-1

[Event "Titled Tuesday intern op 23rd June"]
[Site "Chess.com INT"]
[Date "2020.06.23"]
[Round "1"]
[White "Poghosyan, Suren"]
[Black "Ismagambetov, Anuar"]
[Result "0-1"]
[WhiteElo "2275"]
[BlackElo "2528"]
[PlyCount "92"]
[EventDate "2020.06.23"]
[EventType "swiss (blitz)"]
[EventRounds "10"]
[EventCountry "USA"]
[SourceTitle "CBM 197 Extra"]
[Source "ChessBase"]
[SourceDate "2020.09.30"]
[SourceVersion "1"]
[SourceVersionDate "2020.09.30"]
[SourceQuality "1"]

1. d4 Nf6 2. c4 e6 3. Nc3 Bb4 4. e3 0-0 5. Nge2 c6 6. a3 Ba5 7. b4 Bc7 8. Ng3 d5 9. Bd3 Nbd7 10. 0-0 dxc4 11. Bxc4 e5 12. Ba2 Nb6 13. Re1 Qe7 14. b5 Be6 15. bxc6 bxc6 16. dxe5 Bxe5 17. Qc2 Rfd8 18. Bxe6 Qxe6 19. Rb1 Rd7 20. Nce4 Qc4 21. Nxf6+ Bxf6 22. Qxc4 Nxc4 23. Ne4 Be7 24. Rb3 Rad8 25. Rc3 Ne5 26. Kf1 f5 27. Ng3 g6 28. e4 Nd3 29. Rd1 f4 30. Ne2 g5 31. Rc4 Nxc1 32. Rxd7 Rxd7 33. Nxc1 Bxa3 34. Ke2 c5 35. Nd3 Rd4 36. Rxd4 cxd4 37. e5 a5 38. Kf3 Bb4 39. Ke4 Bc3 40. Kf5 a4 41. e6 Kf8 42. Kf6 a3 43. e7+ Ke8 44. Ke6 a2 45. Ne5 a1Q 46. Nc4 Bb4 0-1

[Event "Titled Tuesday intern op 16th June"]
[Site "Chess.com INT"]
[Date "2020.06.16"]
[Round "3"]
[White "Khazieva, Elza"]
[Black "Poghosyan, Suren"]
[Result "0-1"]
[WhiteElo "2016"]
[BlackElo "2275"]
[PlyCount "88"]
[EventDate "2020.06.16"]
[EventType "swiss (blitz)"]
[EventRounds "10"]
[EventCountry "USA"]
[SourceTitle "EXT 2021"]
[Source "ChessBase"]
[SourceDate "2020.10.23"]
[SourceVersion "1"]
[SourceVersionDate "2020.10.23"]
[SourceQuality "1"]

1. e4 e6 2. d3 d5 3. Nd2 Nf6 4. Ngf3 c5 5. g3 Nc6 6. Bg2 g6 7. 0-0 Bg7 8. Re1 0-0 9. c3 b5 10. a4 bxa4 11. Qxa4 Bb7 12. e5 Nd7 13. d4 f6 14. exf6 Qxf6 15. Nb3 c4 16. Na5 Nb6 17. Qc2 Nxa5 18. Rxa5 Nd7 19. Bg5 Qf7 20. Qe2 h6 21. Bf4 g5 22. Bd6 Rfe8 23. Bh3 Kh8 24. Bxe6 Qf6 25. Bb4 Bc8 26. Kg2 Nb6 27. Ne5 Bxe6 28. Qh5 Kh7 29. Bc5 Bf5 30. Ra6 Be4+ 31. Kg1 Rxe5 32. dxe5 Qe6 33. Bd4 Bg6 34. Qe2 Rf8 35. f3 Bd3 36. Qe3 Qe7 37. Ra5 Qe6 38. Ra6 Qe7 39. Ra5 Rf5 40. Rc5 Qe6 41. Rc7 Nd7 42. Rxa7 Kg6 43. Rb7 Nxe5 44. Bxe5 Rxe5 0-1

[Event "Titled Tuesday intern op 16th June"]
[Site "Chess.com INT"]
[Date "2020.06.16"]
[Round "1"]
[White "Poghosyan, Suren"]
[Black "Oparin, Grigoriy"]
[Result "0-1"]
[WhiteElo "2275"]
[BlackElo "2652"]
[PlyCount "148"]
[EventDate "2020.06.16"]
[EventType "swiss (blitz)"]
[EventRounds "10"]
[EventCountry "USA"]
[SourceTitle "EXT 2021"]
[Source "ChessBase"]
[SourceDate "2020.10.23"]
[SourceVersion "1"]
[SourceVersionDate "2020.10.23"]
[SourceQuality "1"]

1. d4 f5 2. e4 fxe4 3. Nc3 Nf6 4. Bg5 g6 5. Bxf6 exf6 6. Nxe4 Bg7 7. Qf3 d5 8. Nc3 c6 9. 0-0-0 0-0 10. h4 Qd7 11. h5 Qg4 12. hxg6 hxg6 13. Qxg4 Bxg4 14. f3 Be6 15. Nge2 Nd7 16. Nf4 Bf7 17. g4 Rfe8 18. Bd3 Nf8 19. Nce2 Re3 20. Rdf1 Rae8 21. Kd2 b6 22. Ng2 R3e7 23. b4 a5 24. bxa5 c5 25. Bb5 Rb8 26. a6 Ne6 27. Ngf4 Nc7 28. a4 Ra8 29. Rb1 Nxa6 30. Bc6 Rb8 31. Bxd5 Nb4 32. Bxf7+ Kxf7 33. c3 Na6 34. Nd5 Re6 35. Rh7 Rd6 36. Ndf4 cxd4 37. cxd4 Rbd8 38. Ke3 Kg8 39. Rbh1 Kf7 40. Kf2 Nb4 41. Rb1 Nc2 42. Rd1 Nxd4 43. Nxd4 Rxd4 44. Rxd4 Rxd4 45. Ne2 Rxa4 46. Rh1 f5 47. Rb1 Bf8 48. gxf5 Bc5+ 49. Kg3 gxf5 50. f4 Kf6 51. Kf3 Ke6 52. Rd1 Ra3+ 53. Kg2 Ra2 54. Kf3 Ra3+ 55. Kg2 Ra4 56. Rd8 Rc4 57. Kf3 b5 58. Rb8 b4 59. Ng3 Rc3+ 60. Kg2 b3 61. Ne2 Rc2 62. Kf3 b2 63. Rb5 Kd5 64. Ng3 Kc4 65. Rb8 Bb4 66. Rc8+ Kb3 67. Rxc2 Kxc2 68. Nxf5 b1Q 69. Ne3+ Kd3 70. f5 Qb3 71. f6 Qf7 72. Ng4 Bd6 73. Kg2 Qg6 74. Kf3 Qf5+ 0-1

[Event "EU-ch Online 2300+ Final"]
[Site "Chess.com INT"]
[Date "2020.05.30"]
[Round "3"]
[White "Stefanova, Antoaneta"]
[Black "Poghosyan, Suren"]
[Result "1-0"]
[WhiteElo "2462"]
[BlackElo "2275"]
[PlyCount "120"]
[EventDate "2020.05.30"]
[EventType "swiss"]
[EventRounds "8"]
[EventCountry "NET"]
[SourceTitle "CBM 196 Extra"]
[Source "ChessBase"]
[SourceDate "2020.07.31"]
[SourceVersion "1"]
[SourceVersionDate "2020.07.31"]
[SourceQuality "1"]

1. d4 Nf6 2. Nf3 c5 3. d5 e6 4. c4 b5 5. dxe6 fxe6 6. cxb5 d5 7. g3 Bd6 8. Bg2 0-0 9. 0-0 Nbd7 10. Ng5 Qe7 11. e4 h6 12. Nh3 Nxe4 13. Nf4 Ndf6 14. Ng6 Qf7 15. Nxf8 Bxf8 16. Nc3 Bb7 17. a4 a5 18. Qe2 Nd6 19. Bf4 Nf5 20. Rfe1 Nd4 21. Qd3 g5 22. Be5 Rc8 23. Bh3 g4 24. Bg2 Nf5 25. Bxf6 Qxf6 26. Qe2 Ng7 27. Qxg4 c4 28. Qf3 Qg6 29. Ne2 e5 30. Nc3 e4 31. Qe2 Bc5 32. Rad1 Rf8 33. Rf1 Qf5 34. Qd2 d4 35. Ne2 Ne6 36. Qxh6 Rf6 37. Qh4 Qe5 38. Nf4 Nxf4 39. gxf4 Rxf4 40. Qg3+ Kh8 41. Qh3+ Kg7 42. Qg3+ Kh8 43. Qh3+ Kg7 44. Qg3+ Kf6 45. Qg8 d3 46. Qxc4 Qg5 47. Kh1 Rh4 48. Qc3+ Kg6 49. Rg1 Kh6 50. Qh8+ Kg6 51. Qg8+ Kf6 52. Qxg5+ Kxg5 53. Bxe4+ Kf6 54. Bxb7 Bd6 55. Rg2 Rh3 56. Be4 d2 57. Rxd2 Ke5 58. Bc6 Bc7 59. Rg3 Rh6 60. Kg2 Kf5 1-0

[Event "EU-ch Online 2300+ Qual"]
[Site "Chess.com INT"]
[Date "2020.05.29"]
[Round "7"]
[White "Poghosyan, Suren"]
[Black "Tokarev, Sergey"]
[Result "1-0"]
[WhiteElo "2275"]
[BlackElo "1438"]
[PlyCount "79"]
[EventDate "2020.05.29"]
[EventType "swiss"]
[EventRounds "8"]
[EventCountry "NET"]
[SourceTitle "CBM 196 Extra"]
[Source "ChessBase"]
[SourceDate "2020.07.31"]
[SourceVersion "1"]
[SourceVersionDate "2020.07.31"]
[SourceQuality "1"]

1. e4 e6 2. d3 d5 3. Nd2 c5 4. Ngf3 Nc6 5. g3 g6 6. Bg2 Bg7 7. 0-0 Nge7 8. exd5 exd5 9. d4 cxd4 10. Nb3 Bg4 11. Bg5 0-0 12. Re1 Re8 13. Qd2 Qd7 14. Nfxd4 Ne5 15. Qf4 N7c6 16. Bf6 Bxf6 17. Qxf6 Nxd4 18. Nxd4 Nc4 19. b3 Nb6 20. a4 Rad8 21. Bf1 Rxe1 22. Rxe1 Re8 23. Rxe8+ Qxe8 24. h3 Be6 25. h4 Nd7 26. Qf4 Qb8 27. Nxe6 fxe6 28. Qe3 e5 29. Bh3 Nf6 30. Qc5 Kf7 31. g4 b6 32. Qc6 Qe8 33. Qb7+ Qe7 34. Qb8 Ne4 35. g5 Kg7 36. Bg2 Nc3 37. Qc8 Ne2+ 38. Kf1 Nf4 39. Qc3 Qc5 40. Qxe5+ 1-0

[Event "EU-ch Online 2300+ Qual"]
[Site "Chess.com INT"]
[Date "2020.05.29"]
[Round "4"]
[White "Poghosyan, Suren"]
[Black "Usov, Aleksandr E"]
[Result "0-1"]
[WhiteElo "2275"]
[BlackElo "2069"]
[PlyCount "50"]
[EventDate "2020.05.29"]
[EventType "swiss"]
[EventRounds "8"]
[EventCountry "NET"]
[SourceTitle "CBM 196 Extra"]
[Source "ChessBase"]
[SourceDate "2020.07.31"]
[SourceVersion "1"]
[SourceVersionDate "2020.07.31"]
[SourceQuality "1"]

1. d4 c6 2. c4 d5 3. Nf3 Nf6 4. Nc3 dxc4 5. a4 Bf5 6. Ne5 Nbd7 7. Nxc4 Qc7 8. g3 e5 9. dxe5 Nxe5 10. Bf4 Nfd7 11. Qc1 f6 12. a5 g5 13. Nxe5 Nxe5 14. Bxe5 Qxe5 15. a6 b5 16. Bg2 Rc8 17. 0-0 Bc5 18. e4 Be6 19. Kh1 g4 20. Qh6 Bf8 21. Qe3 h5 22. Qxa7 h4 23. Qb7 hxg3 24. a7 gxf2 25. h3 Bd6 0-1

[Event "EU-ch Online U2300 Final"]
[Site "Chess.com INT"]
[Date "2020.05.26"]
[Round "5"]
[White "Dudin, Gleb"]
[Black "Poghosyan, Suren"]
[Result "0-1"]
[WhiteElo "2387"]
[BlackElo "2275"]
[PlyCount "122"]
[EventDate "2020.05.26"]
[EventType "swiss"]
[EventRounds "8"]
[EventCountry "NET"]
[SourceTitle "CBM 196 Extra"]
[Source "ChessBase"]
[SourceDate "2020.07.31"]
[SourceVersion "1"]
[SourceVersionDate "2020.07.31"]
[SourceQuality "1"]

1. d4 Nf6 2. c4 c5 3. d5 b5 4. cxb5 a6 5. bxa6 Bxa6 6. Nc3 g6 7. Nf3 Bg7 8. e4 Bxf1 9. Kxf1 d6 10. g3 0-0 11. Kg2 Nbd7 12. a4 Ra6 13. Qc2 Qa8 14. Rd1 Rb8 15. Ra3 Rb4 16. Bd2 Qb7 17. b3 e6 18. Bf4 exd5 19. Nxd5 Rxe4 20. Nxf6+ Bxf6 21. Bxd6 Bd4 22. Bf4 g5 23. Bxg5 Ne5 24. Rd3 Rg6 25. Bd8 Qd5 26. Bc7 Nxd3 27. Qxd3 Rf6 28. Bf4 Rfe6 29. Ra2 Rb6 30. Qc4 Qxc4 31. bxc4 Bc3 32. Be3 Bb4 33. a5 Ra6 34. Rc2 Rxa5 35. Ng5 Re5 36. Kf3 Ra3 37. Ne4 h6 38. Kf4 f6 39. Nxf6+ Kf7 40. Kxe5 Bc3+ 41. Kf5 Bxf6 42. Bxc5 Ra5 43. Ke4 Rxc5 44. f4 Ke6 45. g4 Be7 46. h3 Ra5 47. Rc3 Bc5 48. Rd3 Ra1 49. h4 Re1+ 50. Kf3 Rf1+ 51. Kg3 Bd6 52. Rf3 Rg1+ 53. Kh3 Rc1 54. g5 h5 55. f5+ Kf7 56. Rd3 Be5 57. Re3 Bf4 58. Rf3 Rxc4 59. Rd3 Rc2 60. g6+ Kf6 61. Rd2 Rxd2 0-1

[Event "EU-ch Online U2300 Final"]
[Site "Chess.com INT"]
[Date "2020.05.26"]
[Round "8"]
[White "Han, Yichen"]
[Black "Poghosyan, Suren"]
[Result "1-0"]
[WhiteElo "2307"]
[BlackElo "2275"]
[PlyCount "37"]
[EventDate "2020.05.26"]
[EventType "swiss"]
[EventRounds "8"]
[EventCountry "NET"]
[SourceTitle "CBM 196 Extra"]
[Source "ChessBase"]
[SourceDate "2020.07.31"]
[SourceVersion "1"]
[SourceVersionDate "2020.07.31"]
[SourceQuality "1"]

1. d4 Nf6 2. Nf3 c5 3. d5 e6 4. Nc3 exd5 5. Nxd5 Nxd5 6. Qxd5 Be7 7. e4 d6 8. Bc4 0-0 9. Qh5 Nd7 10. Ng5 Bxg5 11. Bxg5 Nf6 12. Qh4 Be6 13. 0-0-0 Bxc4 14. e5 Be2 15. Rxd6 Qe7 16. Bxf6 gxf6 17. exf6 Qe5 18. Rd5 Qxd5 19. Qg3+ 1-0

[Event "EU-ch Online U2300 Final"]
[Site "Chess.com INT"]
[Date "2020.05.26"]
[Round "1"]
[White "Poghosyan, Suren"]
[Black "Mostbauer, Florian"]
[Result "1-0"]
[WhiteElo "2275"]
[BlackElo "2309"]
[PlyCount "71"]
[EventDate "2020.05.26"]
[EventType "swiss"]
[EventRounds "8"]
[EventCountry "NET"]
[SourceTitle "CBM 196 Extra"]
[Source "ChessBase"]
[SourceDate "2020.07.31"]
[SourceVersion "1"]
[SourceVersionDate "2020.07.31"]
[SourceQuality "1"]

1. d4 d5 2. c4 c6 3. Nf3 Nf6 4. Nc3 dxc4 5. a4 Bf5 6. Ne5 Nbd7 7. Nxc4 Qc7 8. g3 e5 9. dxe5 Nxe5 10. Bf4 Nfd7 11. Qc1 g5 12. Bxe5 Nxe5 13. Qxg5 Nxc4 14. Qxf5 Qe5 15. Qxe5+ Nxe5 16. 0-0-0 Rd8 17. Rxd8+ Kxd8 18. f4 Nc4 19. e4 Ne3 20. Bd3 Kc7 21. Kd2 Ng4 22. e5 f6 23. Be2 h5 24. h3 Nf2 25. Rh2 Bc5 26. exf6 Rd8+ 27. Ke1 Nd3+ 28. Bxd3 Rxd3 29. g4 Rf3 30. f5 h4 31. Ke2 Re3+ 32. Kd2 Kd8 33. f7 Rf3 34. Ne4 Be7 35. f6 Bf8 36. g5 1-0